Electric machinery fundamentals (Record no. 1110)

000 -LEADER
fixed length control field 00674nam a22002294a 4500
001 - CONTROL NUMBER
control field 1110
003 - CONTROL NUMBER IDENTIFIER
control field BD-DhUET
008 - FIXED-LENGTH DATA ELEMENTS--GENERAL INFORMATION
fixed length control field 030923s2005 nyua b 001 0 eng
020 ## - INTERNATIONAL STANDARD BOOK NUMBER
International Standard Book Number 0071151559
040 ## - CATALOGING SOURCE
Original cataloging agency DLC
Transcribing agency DLC
Modifying agency BD-DhUET
082 00 - DEWEY DECIMAL CLASSIFICATION NUMBER
Classification number 623
Item number CHA/2005
100 1# - MAIN ENTRY--PERSONAL NAME
Personal name Chapman, Stephen J.
245 10 - TITLE STATEMENT
Title Electric machinery fundamentals
250 ## - EDITION STATEMENT
Edition statement 4th ed.
260 ## - PUBLICATION, DISTRIBUTION, ETC. (IMPRINT)
Place of publication, distribution, etc. Boston
Name of publisher, distributor, etc. McGraw-Hill
Date of publication, distribution, etc. 2005
300 ## - PHYSICAL DESCRIPTION
Extent xxii, 746p.
Other physical details ill.
Dimensions 24 cm.
500 ## - GENERAL NOTE
General note Includes bibliographies
650 #0 - SUBJECT ADDED ENTRY--TOPICAL TERM
Topical term or geographic name as entry element Electric engineering
856 41 - ELECTRONIC LOCATION AND ACCESS
Uniform Resource Identifier http://www.loc.gov/catdir/toc/mh041/2003065174.html
856 42 - ELECTRONIC LOCATION AND ACCESS
Uniform Resource Identifier http://www.loc.gov/catdir/description/mh041/2003065174.html
942 ## - ADDED ENTRY ELEMENTS (KOHA)
Koha item type General Book
Holdings
Withdrawn status Price effective from Damaged status Location (home branch) Koha date last seen Koha out on loan Sublocation or collection (holding branch) Source of classification or shelving scheme Koha normalized classification for sorting Koha date last borrowed Koha issues (times borrowed) Koha item type Piece designation (barcode) Copy number Date acquired Koha full call number Shelving location Koha renewals Lost status Not for loan
 2014-08-30 Central Library, BUET2025-04-16 Central Library, BUET 623_000000000000000_CHA_20052024-12-1815General Book10333312014-08-30623/CHA/2005Circulation section   
 2014-08-30 Central Library, BUET2026-04-15 Central Library, BUET 623_000000000000000_CHA_20052026-03-3023General Book10333522014-08-30623/CHA/2005Circulation section   
 2014-08-30 Central Library, BUET2016-02-272017-02-26Central Library, BUET 623_000000000000000_CHA_20052016-02-272General Book10333632014-08-30623/CHA/2005Circulation section   
 2014-08-30 Central Library, BUET2022-11-222022-12-06Central Library, BUET 623_000000000000000_CHA_20052022-11-2211General Book10333742014-08-30623/CHA/2005Circulation section1  
 2015-01-26 Central Library, BUET2025-12-012025-12-15Central Library, BUET 623_000000000000000_CHA_20052025-12-0117General Book10333952015-01-26623/CHA/2005Circulation section   
 2015-12-30 Central Library, BUET2026-02-03 Central Library, BUET 623_000000000000000_CHA_20052026-01-0725General Book10334062015-12-30623/CHA/2005Circulation section